[Event "Hessen-ch Seniors op 02nd"]
[Site "Bad Sooden-Allendorf"]
[Date "2006.05.01"]
[Round "7"]
[White "Papapostolou, Christos"]
[Black "Kluever, Horst"]
[Result "1-0"]
[WhiteElo "2003"]
[BlackElo "1698"]
[PlyCount "123"]
[EventDate "2006.04.25"]
[EventType "swiss"]
[EventRounds "9"]
[EventCountry "GER"]
[SourceTitle "EXT 2007"]
[Source "ChessBase"]
[SourceDate "2006.11.23"]
[SourceVersion "1"]
[SourceVersionDate "2006.11.23"]
[SourceQuality "1"]

1. e4 e5 2. Nf3 d6 3. d4 Nd7 4. Bc4 Be7 5. dxe5 dxe5 6. Qd5 Bb4+ 7. c3 Bxc3+ 8. Nxc3 Qe7 9. Bg5 f6 10. Be3 c6 11. Qe6 Nb6 12. Qxe7+ Nxe7 13. Bb3 Bg4 14. Nd2 0-0-0 15. a4 Kb8 16. f3 Bc8 17. Bc5 Ng6 18. a5 Na8 19. g3 Nf8 20. 0-0-0 Ne6 21. Be7 Rd4 22. Ne2 Rd7 23. Ba3 Nac7 24. Nc4 c5 25. Ba4 Rxd1+ 26. Rxd1 Na6 27. Bb5 Nac7 28. Nd6 Rd8 29. Bc4 b6 30. axb6 axb6 31. Nxc8 Rxd1+ 32. Kxd1 Kxc8 33. Bxe6+ Nxe6 34. Kd2 b5 35. b3 Kc7 36. Bb2 b4 37. f4 Kd6 38. Kd3 g6 39. Ke3 Nd8 40. Ng1 Nc6 41. Nf3 Na5 42. fxe5+ fxe5 43. Nd2 Nxb3 44. Nxb3 c4 45. Na5 c3 46. Bxc3 bxc3 47. Nc4+ Kc5 48. Nxe5 c2 49. Nd3+ Kc4 50. Kd2 Kd4 51. Nf2 h5 52. h4 c1Q+ 53. Kxc1 Ke3 54. e5 Kxf2 55. e6 Kxg3 56. e7 Kxh4 57. e8Q g5 58. Qe1+ Kg4 59. Qe2+ Kh4 60. Kd2 g4 61. Qh2+ Kg5 62. Ke3 1-0

[Event "Hessen-ch Seniors op 02nd"]
[Site "Bad Sooden-Allendorf"]
[Date "2006.04.29"]
[Round "5"]
[White "Papapostolou, Christos"]
[Black "Kollberg, Lothar"]
[Result "0-1"]
[WhiteElo "2003"]
[BlackElo "2091"]
[PlyCount "72"]
[EventDate "2006.04.25"]
[EventType "swiss"]
[EventRounds "9"]
[EventCountry "GER"]
[SourceTitle "EXT 2007"]
[Source "ChessBase"]
[SourceDate "2006.11.23"]
[SourceVersion "1"]
[SourceVersionDate "2006.11.23"]
[SourceQuality "1"]

1. e4 g6 2. d4 Bg7 3. Nc3 d6 4. Be3 c6 5. Qd2 b5 6. a3 a6 7. h3 Nd7 8. f4 Bb7 9. Nf3 e6 10. Bd3 c5 11. dxc5 Nxc5 12. 0-0-0 Ne7 13. Bd4 Bxd4 14. Nxd4 Qb6 15. Rhe1 e5 16. Nf3 0-0-0 17. fxe5 dxe5 18. Qe3 f6 19. Kb1 b4 20. axb4 Qxb4 21. Na2 Qb6 22. Nd2 Rd4 23. Nc4 Qc7 24. Nd2 Rhd8 25. Rc1 Kb8 26. Nf3 R4d6 27. b4 Ne6 28. Nd2 Nf4 29. Qf2 Rc6 30. Bf1 Bc8 31. Nb3 Be6 32. Nc5 Qa7 33. Re3 Bxa2+ 34. Kxa2 Ne6 35. Rb1 Nxc5 36. bxc5+ Ka8 0-1

[Event "Hessen-ch Seniors op 02nd"]
[Site "Bad Sooden-Allendorf"]
[Date "2006.04.28"]
[Round "4"]
[White "Bendisch, Juergen"]
[Black "Papapostolou, Christos"]
[Result "0-1"]
[WhiteElo "1700"]
[BlackElo "2003"]
[PlyCount "63"]
[EventDate "2006.04.25"]
[EventType "swiss"]
[EventRounds "9"]
[EventCountry "GER"]
[SourceTitle "EXT 2007"]
[Source "ChessBase"]
[SourceDate "2006.11.23"]
[SourceVersion "1"]
[SourceVersionDate "2006.11.23"]
[SourceQuality "1"]

1. d4 Nf6 2. c4 g6 3. Nc3 Bg7 4. e4 d6 5. Nf3 0-0 6. Be2 e5 7. dxe5 dxe5 8. Qxd8 Rxd8 9. 0-0 Nc6 10. Be3 Bg4 11. h3 Bxf3 12. Bxf3 Nd4 13. Bd1 c6 14. f3 Nh5 15. Ne2 f5 16. g4 Nxe2+ 17. Bxe2 Ng3 18. Rfe1 f4 19. Bf2 Rd2 20. Bxg3 fxg3 21. Kg2 Bh6 22. Kxg3 Rxb2 23. h4 Be3 24. Rab1 Rxa2 25. Rxb7 Rd8 26. Kg2 a5 27. Kf1 Bc5 28. Rbb1 a4 29. Ra1 Rxa1 30. Rxa1 a3 31. Ra2 h6 32. Ke1 0-1

[Event "Hessen-ch Seniors op 01st"]
[Site "Bad Sooden-Allendorf"]
[Date "2005.04.22"]
[Round "1"]
[White "Papapostolou, Christos"]
[Black "Schneidereit, Manfred"]
[Result "1-0"]
[WhiteElo "2057"]
[BlackElo "1622"]
[PlyCount "104"]
[EventDate "2005.04.22"]
[EventType "swiss"]
[EventRounds "9"]
[EventCountry "GER"]
[SourceTitle "EXT 2007"]
[Source "ChessBase"]
[SourceDate "2006.11.23"]
[SourceVersion "1"]
[SourceVersionDate "2006.11.23"]
[SourceQuality "1"]

1. e4 c5 2. Nf3 Nc6 3. d4 cxd4 4. Nxd4 Nf6 5. Nc3 e6 6. Ndb5 d6 7. Bf4 e5 8. Bg5 Be7 9. Bxf6 gxf6 10. Nd5 0-0 11. Nxe7+ Qxe7 12. Qxd6 Rd8 13. Qxe7 Nxe7 14. Bd3 a6 15. Nc7 Rb8 16. 0-0-0 Bd7 17. Nd5 Nxd5 18. exd5 f5 19. f3 Rbc8 20. Rhe1 f6 21. g4 fxg4 22. fxg4 h6 23. Rd2 Kf7 24. h3 b5 25. Rf2 Kg7 26. Ref1 Rf8 27. a3 Rc5 28. Be4 Rc4 29. Re1 a5 30. b3 Rc3 31. Rf3 Rfc8 32. Rxc3 Rxc3 33. Bf5 Bxf5 34. gxf5 Kf7 35. d6 Ke8 36. Rd1 Kd7 37. Rd5 a4 38. Kb2 Rf3 39. bxa4 bxa4 40. c4 e4 41. c5 e3 42. c6+ Kxc6 43. d7 Kxd5 44. d8Q+ Ke5 45. Qa5+ Kf4 46. Qxa4+ Kg3 47. Qg4+ Kf2 48. Qd4 Rxh3 49. Kc2 Rf3 50. Kd1 Kg3 51. Ke2 h5 52. Qxf6 h4 1-0

[Event "Bad Sooden-Allendorf Seniors op 16th"]
[Site "Bad Sooden-Allendorf"]
[Date "2004.04.29"]
[Round "8"]
[White "Papapostolou, Christos"]
[Black "Bierwisch, Bernhard"]
[Result "1/2-1/2"]
[WhiteElo "2107"]
[BlackElo "2205"]
[PlyCount "88"]
[EventDate "2004.04.22"]
[EventType "swiss"]
[EventRounds "9"]
[EventCountry "GER"]
[SourceTitle "EXT 2006"]
[Source "ChessBase"]
[SourceDate "2005.11.24"]
[SourceVersion "1"]
[SourceVersionDate "2005.11.24"]
[SourceQuality "1"]

1. e4 c5 2. Nf3 Nc6 3. d4 cxd4 4. Nxd4 Nf6 5. Nc3 d6 6. f3 e5 7. Nb3 Be6 8. Be3 d5 9. exd5 Nxd5 10. Nxd5 Qxd5 11. Qxd5 Bxd5 12. 0-0-0 0-0-0 13. Bb5 a6 14. Bxc6 Bxc6 15. Rxd8+ Kxd8 16. Bb6+ Kc8 17. Na5 Be7 18. Nc4 Re8 19. Kb1 f6 20. Rd1 Bb5 21. Ne3 Bc6 22. c4 Bd8 23. Bc5 b6 24. Ba3 g6 25. Rd6 Kb7 26. Nd5 f5 27. Nf6 Bxf6 28. Rxf6 e4 29. Rf7+ Ka8 30. Be7 exf3 31. gxf3 Bxf3 32. Rxh7 Be4+ 33. Kc1 f4 34. Kd2 g5 35. Rg7 g4 36. Kc3 g3 37. hxg3 fxg3 38. Bh4 g2 39. Bf2 Re6 40. b4 b5 41. cxb5 axb5 42. Rd7 Rg6 43. Re7 Bb1 44. Re1 Bxa2 1/2-1/2

[Event "Bad Sooden-Allendorf Seniors op 16th"]
[Site "Bad Sooden-Allendorf"]
[Date "2004.04.25"]
[Round "4"]
[White "Papapostolou, Christos"]
[Black "Schmid, Hartmut"]
[Result "1-0"]
[WhiteElo "2107"]
[BlackElo "2230"]
[PlyCount "109"]
[EventDate "2004.04.22"]
[EventType "swiss"]
[EventRounds "9"]
[EventCountry "GER"]
[SourceTitle "EXT 2006"]
[Source "ChessBase"]
[SourceDate "2005.11.24"]
[SourceVersion "1"]
[SourceVersionDate "2005.11.24"]
[SourceQuality "1"]

1. e4 e5 2. Nf3 Nc6 3. Bb5 Bc5 4. 0-0 Qf6 5. c3 Nge7 6. d4 exd4 7. Bg5 Qg6 8. Bxe7 Nxe7 9. cxd4 Bb6 10. Nc3 0-0 11. a4 a5 12. Ne5 Qf6 13. Ne2 c6 14. Bc4 d6 15. Nf3 Bc7 16. Ra3 Ng6 17. Qd2 h6 18. Re1 Bd7 19. Ng3 Rab8 20. e5 Qf4 21. Qc2 Nh4 22. Re4 Nxf3+ 23. Rxf3 Qg5 24. h4 Qg6 25. Bd3 Qe6 26. Nh5 d5 27. Ref4 b6 28. Rg3 Bxe5 29. dxe5 Qxe5 30. Nf6+ Kh8 31. Nxd7 Qxf4 32. Nxf8 Rxf8 33. Qxc6 Qxh4 34. Qxd5 Qf6 35. Qe4 g6 36. Qe2 Kh7 37. Rf3 Qd6 38. Qe4 Kg7 39. Qc4 f5 40. Qc3+ Kh7 41. Re3 Rf7 42. Re8 Rg7 43. Qc8 Rf7 44. Rh8+ Kg7 45. Qg8+ Kf6 46. Qd8+ Qxd8 47. Rxd8 Ke5 48. g3 g5 49. Bc4 Rf6 50. f3 Rc6 51. b3 f4 52. Rd5+ Kf6 53. gxf4 gxf4 54. Kg2 Rc7 55. Rd6+ 1-0